| 000 | 00635nam a22002177a 4500 | ||
|---|---|---|---|
| 003 | OSt | ||
| 005 | 20190629142146.0 | ||
| 008 | 170705b xxu||||| |||| 00| 0 eng d | ||
| 020 | _a9781408257449 | ||
| 040 |
_aLDCLIB _cLDCLIB |
||
| 082 | 0 | 4 |
_222 _aRef. 340.03 _bRIC |
| 100 | 1 | _aRichards, P. H. | |
| 245 | 1 | 4 |
_aThe Longman Dictionary of Law / _cP. H. Richards and L. B. Curzon. |
| 250 | _a8th ed. | ||
| 260 |
_aEngland : _bPearson Eduction Ltd., _c2011. |
||
| 300 |
_axviii, 508 p. ; _c21 cm. |
||
| 650 |
_aLaw _xDictionaries _zGreat Britain |
||
| 650 |
_aLaw _xTerminology _zGreat Britain |
||
| 700 | 1 | _aCurzon, L. B. | |
| 942 |
_2ddc _cBK |
||
| 999 |
_c8510 _d8510 |
||